To the good long life; what we know about growing old.

Saved in:
Bibliographic Details
Main Author: Puner, Morton.
Format: Book
Language:English
Published: New York, Universe Books [1974]
Subjects:
Tags: Add Tag
No Tags, Be the first to tag this record!
LEADER 01031cam a2200349 4500
001 000683092-7
005 20160408181021.0
008 740424s1974 nyu b 00100 eng
010 |a  73080054  
020 |a 087663191X 
035 0 |a ocm00897585 
040 |a DLC  |c DLC 
043 |a n-us--- 
050 0 |a HQ1064.U5  |b P8 
060 0 0 |a WT 104  |b P984t 1974 
082 |a 301.43/5 
100 1 |a Puner, Morton. 
245 1 0 |a To the good long life;  |b what we know about growing old. 
260 0 |a New York,  |b Universe Books  |c [1974] 
300 |a 320 p.  |c 22 cm. 
504 |a Includes bibliographical references. 
655 2 |a Popular Works. 
650 2 |a Retirement. 
650 2 |a Longevity. 
650 2 |a Aging. 
650 0 |a Older people  |z United States. 
650 0 |a Aging. 
650 0 |a Retirement  |z United States. 
650 0 |a Old age assistance  |z United States. 
776 0 8 |i Online version:  |a Puner, Morton.  |t To the good long life.  |d New York, Universe Books [1974]  |w (OCoLC)569432793 
988 |a 20020608 
906 |0 DLC